| 000 | 00561nss a2200181 a 4500 | ||
|---|---|---|---|
| 003 | AR-X00000XY | ||
| 005 | 20251128212021.0 | ||
| 008 | 127020s1962 ||||||||||||||000 | spa|| | ||
| 040 | _cAR-X00000XY | ||
| 245 | 1 | 0 |
_aFilología _bHomenaje a María Rosa Lida de Malkiel |
| 260 |
_aBuenos Aires _c1962 _bUniversidad de Buenos Aires. Facultad de Filosofía y Letras |
||
| 300 | 0 | _a272 p. | |
| 500 | 0 | _aCon anotaciones manuscritas de Alejandra Pizarnik | |
| 655 | _aLITERATURA | ||
| 700 | 1 |
_aBarrenechea, Ana María _edirector |
|
| 942 | _cCR | ||
| 998 | _cmartin | ||
| 999 |
_c22088 _d22088 |
||